000 01383nam a2200241Ii 4500
003 JO-AjNU
005 20240625132547.0
008 230605s9999||||xx |||||||||||||| ||und||
040 _aJO-AjNU
_bara
_erda
_cJO-AjNU
041 _aara
050 1 4 _aHF5549 2021
100 1 _aأبو عيسى، وئام عبد الحميد محمود
_eمعد
_965612
245 0 0 _aأثر الثقة التنظيمية على الصمت التنظيمي لدى العاملين في الجامعات الخاصة في اقليم الشمال= The Impact of Organizational Trust on Organizational Silence for Employees in the North Region Private Universities
_c/ اعداد وئام عبد الحميد محمود ابو عيسى ؛ اشراف محمود علي الروسان
264 3 1 _a2021
300 _a101 ورقة
336 _atext
_btxt
_2rdacontent
337 _aunmediated
_bn
_2rdamedia
338 _avolume
_bnc
_2rdacarrier
500 _aرسالة جامعية(اطروحة ماجستير) تخصص إدارة الأعمال/كلية ادارة الاعمال جامعة عجلون الوطنية، 2021 يحتوي على جداول توضيحية
650 4 _aادارة الافراد- الثقة التنظيميه- الجامعات الخاصة-اقليم الشمال-الاردن
_961391
700 _aمحمود علي الروسان
_eمشرف
_965616
942 _2lcc
_cTHS
999 _c31315
_d31315